LEADER 01076nam a2200229 4500 001 000000339208 003 CaOOAMICUS 005 20200203154417.0 008 200203s1809 gw 000 u lat r 026 $aMOc. isr. 5.d. nuAm (3) 1809 (A) 040 $aSeMil$bita 245 00$aPars 1. 264 1$aBerolini :$bIn taberna libraria Scholae realis,$c1809. 300 $aVI, [2], 592 p. ;$c8° 500 $aSegn.: ?? 1-37? 700 11$aWilldenow, Karl Ludwig,$d<1765-1812>.$0(OLS)http://semarc/name/110863 773 0 $aWilldenow, Karl Ludwig <1765-1812>$tD. Car. Lud. Willdenow ... Enumeratio plantarum horti regii botanici Berolinensis, continens descriptiones omnium vegetabilium in horto dicto cultorum.$dBerolini : In taberna libraria Scholae realis, 1809.$g1$w()339207 850 $aSeMil 852 $aSeMil$W1$xVenegono$y1$m3XA III 8 FA$j218403$B230332$CSeMilBibl$Z2$F230332 $8I 996 $6245$aPars 1$9(OLS)http://semarc/title/55907 996 $6264$aBerolini :$bIn taberna libraria Scholae realis$9(OLS)http://semarc/publisher/58820 LEADER 00995nam a2200253 4500 001 000000347592 003 CaOOAMICUS 005 20240729123518.0 008 210902s2002 fr 000 u fre r 020 $a978-2-226-13502-5 040 $aSeMil$bita 100 1 $aSchmitt, Éric-Emmanuel,$d<1960- >.$0(OLS)http://semarc/name/65494 240 10$aOscar et la dame rose.$0(OLS)http://semarc/title/449115 245 10$aOscar et la dame rose /$cEric-Emmanuel Schmitt. 264 1$aParis :$bAlbin Michel,$c2002. 300 $a100 p. ;$c20 cm 850 $aSeMil 852 $aSeMil$W1$xVenegono$y1$m1V IV 339$j229205$B238658$CSeMilBibl$Z2$F238658 $81 961 $aPerego don Stefano - Omaggio 961 $aEx libris don Stefano Perego 996 $6020$a978-2-226-13502-5$9(OLS)http://semarc/number/293997 996 $6245$aOscar et la dame rose$9(OLS)http://semarc/title/436897 996 $6264$aParis :$bAlbin Michel$9(OLS)http://semarc/publisher/32166